| 000 | 01562nam a2200301 i 4500 | ||
|---|---|---|---|
| 001 | 163713 | ||
| 003 | ES-MaACL | ||
| 005 | 20251012173738.0 | ||
| 008 | 931025s1738 sp axf |||| | spa d | ||
| 040 |
_aBiblioteca Diocesana de Zamora. Catálogo de Fondo Antiguo _bspa _cPAB |
||
| 100 | 1 |
_aRodríguez, Cristóbal, _d1677-1740 _9131968 |
|
| 245 | 1 | 0 |
_aBibliotheca universal de la polygraphia española / _ccompuesta por ... Christoval Rodriguez ...; publica D. Blas Antonio Nassarre y Ferriz... |
| 260 |
_aImpresa en Madrid : _bpor Antonio Marin, _c1738. |
||
| 300 |
_a[6] p., XXVII h., [72] p., [117] de grab., [4] h. de grab. pleg. : _bil. ; _cFol. |
||
| 530 | _aDisponible en formato digital. | ||
| 597 | _aSign.: [ ]2, B-P2, [calderón]- 6[calderón]6. | ||
| 597 | _aApostillas marginales. | ||
| 597 | _aLas XXVII h. son hojas impresas por ambas caras. | ||
| 599 | _aLa h. de grab. y las láms. calc.: "Christs. a Sto. Ioanne inv." et Paulus Minguet sculp.", CL.V.D.B.A.N.", "Donato Her. z.f.", "D. Christ. Rodrig." et "Vidal scul. 1729", "D. Christophorus Rodriguez scrip. et Sculp.", "D.C.R.Z." | ||
| 650 | 7 |
_aPaleografía _2embne _915803 |
|
| 650 | 7 |
_aNumismática _2embne _915648 |
|
| 700 | 1 |
_aNasarre, Blas Antonio de. _9130401 |
|
| 700 | 1 |
_aMinguet e Yrol, Pablo, _d1733-1778 _9151092 |
|
| 700 | 1 |
_aVidal, Felipe. _9133690 |
|
| 852 |
_aES-MaACL _jR-2554 _z-- Enc. pasta española _x-- Olim: B-16 |
||
| 856 |
_uhttp://bdh-rd.bne.es/viewer.vm?id=0000086709&page=1 _zBiblioteca Digital Hispánica |
||
| 999 |
_c163713 _d163713 |
||